El pensamiento chino

Uloženo v:
Podrobná bibliografie
Hlavní autor: Granet, Marcel (Autor)
Médium: Kniha
Jazyk:španělština
Vydáno: Ciudad de México UTEHA 1959
Edice:<La >Evolución de la Humanidad, 30
Témata:
Tagy: Přidat tag
Žádné tagy, Buďte první, kdo vytvoří štítek k tomuto záznamu!

MARC

LEADER 00000nam a2200000 a 4500
001 UCS6651
003 CL-VaPUC
008 970926e19590000MX |||||||||||||||||spa|d
082 0 4 |a 199.51  |b GRA  |2 21 
100 |a Granet, Marcel  |e author  |9 459342 
245 1 3 |a El pensamiento chino 
300 |a 429 p 
942 |c BK 
945 |d 19970926 00:00:00  |a rleighto 
260 |a Ciudad de México  |b UTEHA  |c 1959 
600 0 7 |a CONFUCIO  |2 CL-VaPUC  |9 265849 
650 7 |a FILOSOFIA CHINA  |2 CL-VaPUC  |9 266932 
650 0 |a Cultura  |9 269059 
650 7 |a LENGUA CHINA  |2 CL-VaPUC  |9 392011 
650 0 |a Escritura china  |9 346959 
650 0 |a Números   |9 265328 
650 0 |a Arte chino   |9 347015 
651 0 |a China   |9 257545 
583 |a last modification  |c 19970926 00:00:00  |k Rodrigo Vera 
490 0 |a <La >Evolución de la Humanidad, 30 
999 |c 262289  |d 262287 
952 |0 0  |1 0  |4 0  |6 199_510000000000000_GRA_1959  |7 0  |8 A  |9 290575  |a BIBHIS  |b BIBHIS  |d 2019-11-19  |i 3350886  |o 199.51 GRA 1959  |p 3350886  |r 2025-01-20  |w 2019-11-19  |y BK  |k HIS 
952 |0 0  |1 0  |4 0  |6 199_510000000000000_GRA_1959  |7 0  |8 A  |9 290576  |a BIBHIS  |b BIBHIS  |d 2019-11-19  |i 1367560  |l 1  |o 199.51 GRA 1959  |p 1367560  |r 2025-01-20  |s 2024-11-21  |w 2019-11-19  |y BK  |k HIS